Sistema automatizado de control de personal
Presenta un software automatizado para control de personal, ha sido diseñado de forma estructurada y modularmente con un ciclo de vida clásico, por su enfoque sistemático secuencial, el método de diseño fue orientado a los datos. Lenguaje de programación Clipper versión 5.3.
| Main Author: | |
|---|---|
| Other Authors: | |
| Format: | Tesis Section = Libro |
| Language: | Undetermined Spanish |
| Published: |
Managua
UNI
1997
|
| Subjects: |
| LEADER | 01072nam a2200241Ia 4500 | ||
|---|---|---|---|
| 008 | 240830s9999 xx 000 0 und d | ||
| 040 | |a BIBLIOTECA-RUSB/ Mon 005.3 N852 | ||
| 041 | |a spa | ||
| 082 | |a Mon 005.3 N852 | ||
| 100 | 1 | |a Norori Paguaga, Verónica | |
| 245 | 1 | 0 | |a Sistema automatizado de control de personal |
| 260 | |a Managua |b UNI |c 1997 | ||
| 300 | |a 200 p. :il. | ||
| 500 | |a Contiene: manual del usuario. | ||
| 502 | |a Tesis (Ingeniero en Computación) - UNI, 1997. | ||
| 520 | 3 | |a Presenta un software automatizado para control de personal, ha sido diseñado de forma estructurada y modularmente con un ciclo de vida clásico, por su enfoque sistemático secuencial, el método de diseño fue orientado a los datos. Lenguaje de programación Clipper versión 5.3. | |
| 650 | 7 | |a SOFTWARE - CONTROL DE PERSONAL | |
| 650 | 7 | |b AUTOMATIZACION - SISTEMA DE ALMACENAMIENTO Y RECUPERACION DE LA INFORMACION | |
| 650 | 7 | |c LENGUAJE DE PROGRAMACION - CLIPPER | |
| 700 | 1 | |a Tutor: |b Quintana Bonilla, Marisela | |
| 942 | |c BK |2 ddc | ||
| 991 | |a TESIS | ||
| 999 | |c 19722 | ||